An outline of New Testament survey / (Record no. 5140)

MARC details
000 -LEADER
fixed length control field 00705cam a2200241Ia 4500
001 - CONTROL NUMBER
control field 25127
003 - CONTROL NUMBER IDENTIFIER
control field GBCCL
005 - DATE AND TIME OF LATEST TRANSACTION
control field 20241126110534.0
008 - FIXED-LENGTH DATA ELEMENTS--GENERAL INFORMATION
fixed length control field 811217s1960 iluabd 001 0 eng d
035 ## - SYSTEM CONTROL NUMBER
System control number (OCoLC)08006971
040 ## - CATALOGING SOURCE
Original cataloging agency IHT
Transcribing agency IHT
049 ## -
-- LBBK
082 ## - DEWEY DECIMAL CLASSIFICATION NUMBER
Classification number 225.00723
Item number DUN
092 ## - LOCALLY ASSIGNED DEWEY CALL NUMBER (OCLC)
Classification number 225
Item number D923
100 1# - MAIN ENTRY--PERSONAL NAME
Personal name Dunnett, Walter M.
9 (RLIN) 9267
245 13 - TITLE STATEMENT
Title An outline of New Testament survey /
Statement of responsibility, etc. by Walter M. Dunnett.
260 ## - PUBLICATION, DISTRIBUTION, ETC.
Place of publication, distribution, etc. Chicago :
Name of publisher, distributor, etc. Moody Press,
Date of publication, distribution, etc. c1960.
300 ## - PHYSICAL DESCRIPTION
Extent 176 p. :
Other physical details ill., maps, charts ;
Dimensions 22 cm.
520 ## - SUMMARY, ETC.
Summary, etc. Lloyd M. Perry Collection.
630 00 - SUBJECT ADDED ENTRY--UNIFORM TITLE
Uniform title Bible.
Name of part/section of a work N.T.
General subdivision Outlines, syllabi, etc.
9 (RLIN) 9268
630 00 - SUBJECT ADDED ENTRY--UNIFORM TITLE
Uniform title Bible.
Name of part/section of a work N.T.
General subdivision Introductions.
9 (RLIN) 21
942 ## - ADDED ENTRY ELEMENTS (KOHA)
Source of classification or shelving scheme Dewey Decimal Classification
Koha item type Books
Koha issues (borrowed), all copies 7
Holdings
Withdrawn status Lost status Source of classification or shelving scheme Damaged status Not for loan Home library Current Library Shelving location Date acquired Total checkouts Full call number Barcode Date last seen Date last checked out Copy number Price effective from Koha item type
    Dewey Decimal Classification     GRACE BIBLE COLLEGE GRACE BIBLE COLLEGE Biblical Studies 2018-02-28 7 225.00723 DUN 013293 2025-05-01 2022-08-16 c.1 2018-02-28 Books
© Grace Bible College Library 2025